Estrategias para mejorar el rendimiento académico de los adolescentes
Salvato in:
| Autore principale: | |
|---|---|
| Natura: | Libro |
| Lingua: | spagnolo |
| Pubblicazione: |
Madrid
Pirámide
2002
|
| Edizione: | 1a. ed |
| Serie: | Colección Psicología. Pedagogía
|
| Soggetti: | |
| Tags: |
Aggiungi Tag
Nessun Tag, puoi essere il primo ad aggiungerne!!
|
MARC
| LEADER | 00000cam a2200000 a 4500 | ||
|---|---|---|---|
| 001 | UCK1317 | ||
| 003 | CL-VaPUC | ||
| 008 | 041112e20020000SP |||||||||||||||||spa|d | ||
| 020 | |a 8436816579 | ||
| 082 | 0 | 4 | |a 371.264 |b ADE |2 21 |
| 100 | 0 | |a Adell, Marc Antoni |e author |9 489068 | |
| 245 | 1 | 0 | |a Estrategias para mejorar el rendimiento académico de los adolescentes |
| 250 | |a 1a. ed | ||
| 300 | |a 273 p | ||
| 942 | |c BK | ||
| 945 | |d 20041112 00:00:00 |a vberengu | ||
| 260 | |a Madrid |b Pirámide |c 2002 | ||
| 650 | 0 | |a Rendimiento escolar |9 330254 | |
| 650 | 7 | |a FRACASO ESCOLAR |2 CL-VaPUC |9 308828 | |
| 650 | 0 | |a Métodos de enseñanza |9 270413 | |
| 583 | |a last modification |c 20121019 11:57:58 |k Rodrigo Vera | ||
| 490 | 0 | |a Colección Psicología. Pedagogía | |
| 999 | |c 311293 |d 311291 | ||
| 952 | |0 0 |1 0 |4 0 |6 371_264000000000000_ADE_2002 |7 0 |8 A |9 380646 |a BIBEDU |b BIBEDU |d 2019-11-21 |i 4077644 |o 371.264 ADE 2002 |p 4077644 |r 2019-11-21 |w 2019-11-21 |y BK |k EDU | ||
| 952 | |0 0 |1 0 |4 0 |6 371_264000000000000_ADE_2002 |7 0 |8 A |9 380647 |a BIBEDU |b BIBEDU |d 2019-11-21 |i 4916735 |o 371.264 ADE 2002 |p 4916735 |r 2019-11-21 |w 2019-11-21 |y BK |k EPE | ||